00502nam a2200181 a 4500001001300000003000900013005001700022008004100039020001000080082001800090100002300108245004100131260005400172500003500226505001000261650002600271700002300297nice12345678IN_TiNIC20260116012824.0050524s0000 bana grp 000 0 eng  ac10000a305.4092bRAO aRao, I V Chalapati aDurgabai Deshmukhb Life and Message aBangalorebInformation and Public Relstionsc0000 aincludes index and biblioraphy2 aIndex aWomen-India-Biography1 aRao, I V Chalapati